01616cam a22003014i 4500003000900000005001700009008004100026020001500067035002700082040003300109082002000142100003800162245005900200264006300259300003800322336002100360337002500381338002300406505077700429526000901206526000901215526000801224526000801232526000801240526000801248630003701256650002101293PE-LiUPU20250731175635.0150625s2007 xxu r 000 0 eng d a1589830598 a(Sirsi) i9781589830592 aPE-LiUPUbspacPE-LiUPUerda04a492.29bG812211 aGreenspahn, Frederick E.,eautor.10aAn introduction to aramaic /cFrederick E. Greenspahn. 1aAtlanta, Georgia :bSociety of Biblical Literature,c2007. a281 páginas ;c28 centímetros atext2rdacontent aunmediated2rdamedia avolume2rdacarrier0 aIntroduction -- A brief history of aramaic -- The aramaic language -- Consonants -- Volwels -- Nouns, definite article -- Verb system -- G perfect -- G Participle -- Vocabulary -- Independent pronouns -- Prepositions -- Pronominal suffixes -- Demostrative, relative, and interrogative pronouns -- G.Imperfect -- Adjectives and genitive constructions -- Numbers -- G Imperative -- and infinitive -- D. Conjugation -- Weak verbs (Initial and Gutturals, hollw verbs fiñnal and geminates) -- Unusual verbs -- Syntax -- Passive conjugations -- Reflexive conjugations -- Other conjugations -- Daniel 7:1-28 -- Inscripton: Bar Rakib, Uzziah, Ein Gedi Synagogue -- Letters: Elepantine and bar kochba -- Midrash: genesis rabbah -- Targum: pseudo-Jonthan -- Aftrword -- Paradigms. aP145 aP127 aP97 aP35 aP14 aP07 aBiblia.pA.T.xLenguaje, estilo.04aLenguaje arameo.